000 00230nam a22000857a 4500
008 160917b xxu||||| |||| 00| 0 eng d
100 _9625
_aMishra A
245 _aBasic Science-VII
260 _aNew Delhi
_bBharati Bhawan publication
_c2008
999 _c3284
_d3284